[Event "Large Candidates Tournament"]
[Site "SchemingMind.com"]
[Date "2007.08.22"]
[Round "-"]
[White "jorge47"]
[Black "Negrito19"]
[Result "0-1"]
[WhiteCountry "ARG"]
[BlackCountry "ARG"]
[WhiteElo "1580"]
[WhiteRD "75"]
[BlackElo "1634"]
[BlackRD "66"]
[GameID "117577"]

1. e4 e5 2. Nf3 Nc6 3. Bb5 Nge7 4. O-O a6 5. Ba4 d5 6. d3 Bg4 7. h3 Bxf3 8. Qxf3 dxe4 9. dxe4 b5 10. Bb3 f6
11. Rd1 Qb8 12. Qd3 Nd4 13. Nd2 Qb6 14. c3 Nxb3 15. Nxb3 Qd6 16. Be3 O-O-O 17. Qxd6 Rxd6 18. Rxd6 cxd6 19. Rd1 Nc6 20. f4 g6
21. fxe5 fxe5 22. g4 Be7 23. Rf1 h5 24. g5 h4 25. Rf7 Rh5 26. Nd2 Bxg5 27. Bxg5 Rxg5+ 28. Kh2 b4 29. Nc4 bxc3 30. bxc3 Rg3
31. Nxd6+ Kd8 32. c4 Nd4 33. Nb7+ Ke8 34. Nd6+ Kd8 35. Nb7+ Ke8 36. Nd6+= Kd8 37. Nb7+ Kc8 38. Nd6+ Kb8 39. Rh7 Nf3+ 40. Kh1 Rxh3+
41. Kg2 Rg3+ 42. Kf2 g5 43. Nf7 Nd2 44. Nxe5 Nxe4+ 45. Ke2 h3 46. Nf3 Nc3+ 47. Kf2 Rg2+ 48. Kf1 g4 49. Ng1 Ne4 50. Nxh3 gxh3
51. Rxh3 Rxa2 52. Rh4 Ng3+ 53. Ke1 Nf5 54. Rh5 Ne3 55. c5 Rc2 56. Re5 Ng4 57. Re6 Kb7 58. c6+ Rxc6 59. Re7+ Kb6 60. Kd2 a5
61. Re1 a4 62. Rc1 Rd6+ 63. Ke1 a3 64. Ke2 Ka5
0-1

[Event "Large Candidates Tournament"]
[Site "SchemingMind.com"]
[Date "2007.08.23"]
[Round "-"]
[White "Dannibal"]
[Black "Negrito19"]
[Result "0-1"]
[WhiteCountry "BEL"]
[BlackCountry "ARG"]
[WhiteElo "850"]
[WhiteRD "115"]
[BlackElo "1655"]
[BlackRD "65"]
[GameID "117578"]

1. e4 e5 2. Bc4 Nf6 3. f3 Bc5 4. Bxf7+ Kxf7 5. Nh3 h6 6. Nc3 d5 7. exd5 Nxd5 8. d4 Bxd4 9. Nxd5 Qxd5 10. c3 Bxh3
11. cxd4 Bxg2 12. Rg1 Bxf3 13. Qd3 e4 14. Qc3 Nc6 15. Rf1 Rhe8 16. a4 Nxd4 17. Bf4 Kg8 18. Bxc7 Ne2 19. Rxf3 Nxc3 20. bxc3 e3
21. Rd1 Qxf3 22. Be5 Rxe5 23. c4 Qh1+ 24. Ke2 Qxh2+ 25. Kd3 Rd8+ 26. Kc3 Rxd1 27. Kb4 Qb2#
0-1

[Event "Large Candidates Tournament"]
[Site "SchemingMind.com"]
[Date "2007.08.22"]
[Round "-"]
[White "Inkvizitor"]
[Black "Negrito19"]
[Result "0-1"]
[WhiteCountry "CRO"]
[BlackCountry "ARG"]
[WhiteElo "1401"]
[WhiteRD "96"]
[BlackElo "1655"]
[BlackRD "64"]
[GameID "117579"]

1. d4 d5 2. c4 e6 3. Nc3 Bb4 4. Qc2 c5 5. a3 Bxc3+ 6. Qxc3 cxd4 7. Qxd4 Nc6 8. Qc3 dxc4 9. Qxc4 Na5 10. Qc3 f6
11. Bd2 b6 12. Qg3 g6 13. Rd1 Nc6 14. Bc3 Qe7 15. Qd6 Qxd6 16. Rxd6 Bd7 17. e4 e5 18. Bb5 Nge7 19. Rxf6 a6 20. Bxc6 Nxc6
21. Ne2 Ke7 22. Rf3 Rad8 23. Rd3 Rhf8 24. O-O h5 25. Rfd1 g5 26. Rd6 h4 27. Rg6 g4 28. Rg7+ Rf7 29. Rxf7+ Kxf7= 30. Rd3 Ke7
31. f3 gxf3 32. Rxf3 Bg4 33. Rf2 Rd1+ 34. Rf1 Bxe2 35. Rxd1 Bxd1 36. Kf2 Kf6 37. Ke3 a5 38. Kd3 Kg5 39. Kc4 a4 40. Kd5 Nd4
0-1

[Event "Large Candidates Tournament"]
[Site "SchemingMind.com"]
[Date "2007.08.22"]
[Round "-"]
[White "Kojot"]
[Black "Negrito19"]
[Result "0-1"]
[WhiteCountry "POL"]
[BlackCountry "ARG"]
[WhiteElo "1075"]
[WhiteRD "101"]
[BlackElo "1634"]
[BlackRD "66"]
[GameID "117580"]

1. e4 e5 2. Nf3 Qf6 3. a3 Bc5 4. Nc3 Ne7 5. Nb5 Qc6 6. Nxe5 Qxe4+ 7. Qe2 Qxe2+ 8. Bxe2 Bd6 9. Nxd6+ cxd6 10. Nc4 d5
11. Ne5 d6 12. Ng4 h5 13. Ne3 a6 14. b3 Nbc6 15. Bb2 d4 16. Nc4 Nf5 17. Bf3 Nce7 18. Be4 b5 19. Bxa8 bxc4 20. bxc4 O-O
21. Be4 Be6 22. Bxf5 Nxf5 23. O-O Bxc4 24. Rfe1 Rc8 25. h3 Bd5 26. g4 hxg4 27. hxg4 Nh4 28. Re7 Nf3+ 29. Kf1 Nxd2+ 30. Ke1 Rxc2
31. Re2 Nf3+ 32. Kd1 Rc5 33. Re8+ Kh7 34. Ke2 Rc2+ 35. Kd1 Bb3 36. Rb1 Rxb2+
0-1

[Event "Large Candidates Tournament"]
[Site "SchemingMind.com"]
[Date "2007.08.23"]
[Round "-"]
[White "kingpatzer"]
[Black "Negrito19"]
[Result "0-1"]
[WhiteCountry "ENG"]
[BlackCountry "ARG"]
[WhiteElo "1308"]
[WhiteRD "102"]
[BlackElo "1634"]
[BlackRD "66"]
[GameID "117581"]

1. e4 e5 2. Nf3 d6 3. d4 Bg4 4. dxe5 Nc6 5. exd6 Bxd6 6. Be2 Qf6 7. Nc3 Nge7 8. Bg5 Qe6 9. Nd2 Bxe2 10. Qxe2 f6
11. Be3 Nb4 12. Nb3 Be5 13. Nc5 Qc6 14. O-O O-O 15. Qc4+ Kh8 16. Qxb4 Bd6 17. Qxb7 Qxb7 18. Nxb7 Rab8 19. Nxd6 cxd6 20. b3 a6
21. Nd5 Nc6 22. c4 Rfe8 23. f3 f5 24. Bf4 fxe4 25. Bxd6 Rbd8 26. Bg3 e3 27. Rfe1 e2 28. Nc7 Re3 29. Bf2 Re5 30. Nxa6 Rd2
31. a4 Na5
0-1

[Event "Large Candidates Tournament"]
[Site "SchemingMind.com"]
[Date "2007.08.23"]
[Round "-"]
[White "theflame"]
[Black "Negrito19"]
[Result "1-0"]
[WhiteCountry "EGY"]
[BlackCountry "ARG"]
[WhiteElo "1851"]
[WhiteRD "105"]
[BlackElo "1634"]
[BlackRD "66"]
[GameID "117641"]

1. d4 d5 2. Nf3 Bf5 3. c4 Nf6 4. Qb3 b6 5. Nc3 e6 6. e3 c5 7. cxd5 exd5 8. Bb5+ Bd7 9. Ne5 c4 10. Qa4 Bxb5
11. Qxb5+ Nbd7 12. Nxd5 Nxd5 13. Qxd5 Nxe5 14. Qxe5+ Qe7 15. Qb5+ Qd7 16. Qxc4 Rc8 17. Qd3 Bb4+ 18. Bd2 Bxd2+ 19. Qxd2 O-O 20. O-O Rc5
21. Qe2 Rg5 22. f4 Rg6 23. Rac1 Re8 24. Rf3 Rg4 25. Qc4 h6 26. Qc6 Qd8 27. Qc7 a5 28. Qxd8 Rxd8= 29. Rc6 b5 30. Rc5 Rb8=
31. d5 a4 32. e4 g5 33. g3 Re8 34. e5 gxf4 35. Rxf4 Rxf4 36. gxf4 Rb8 37. d6 b4 38. d7 a3 39. bxa3 bxa3 40. Rc8+ Rxc8
41. dxc8=Q+ Kg7 42. Qf5 Kg8 43. e6 fxe6 44. Qxe6+ Kg7 45. f5 h5 46. f6+
1-0

[Event "Large Candidates Tournament"]
[Site "SchemingMind.com"]
[Date "2007.08.23"]
[Round "-"]
[White "theflame"]
[Black "tacticrules"]
[Result "1-0"]
[WhiteCountry "EGY"]
[BlackCountry "GER"]
[WhiteElo "1778"]
[WhiteRD "176"]
[BlackElo "1632"]
[BlackRD "50"]
[GameID "117642"]

1. c4 Nf6 2. Nc3 e5 3. Nf3 Nc6 4. d4 exd4 5. Nxd4 Nxd4 6. Qxd4 b6 7. Bg5 Be7 8. Bxf6 Bxf6 9. Qe4+ Qe7 10. Qxa8 O-O
11. Qxa7 c5 12. Qxb6 Bxc3+ 13. bxc3
1-0

[Event "Large Candidates Tournament"]
[Site "SchemingMind.com"]
[Date "2007.08.23"]
[Round "-"]
[White "theflame"]
[Black "jorge47"]
[Result "0-1"]
[WhiteCountry "EGY"]
[BlackCountry "ARG"]
[WhiteElo "1824"]
[WhiteRD "121"]
[BlackElo "1552"]
[BlackRD "83"]
[GameID "117643"]

1. d4 d5 2. c4 e6 3. Nc3 Nf6 4. cxd5 exd5 5. Bg5 Be6 6. Qb3 b6 7. e3 Be7 8. Bb5+ c6 9. Bd3 c5 10. Bb5+ Nbd7
11. dxc5 bxc5 12. Bxf6 Bxf6 13. Nxd5 Qa5+ 14. Nc3 Bxb3
0-1

[Event "Large Candidates Tournament"]
[Site "SchemingMind.com"]
[Date "2007.08.23"]
[Round "-"]
[White "theflame"]
[Black "Dannibal"]
[Result "1-0"]
[WhiteCountry "EGY"]
[BlackCountry "BEL"]
[WhiteElo "1824"]
[WhiteRD "121"]
[BlackElo "781"]
[BlackRD "104"]
[GameID "117644"]

1. b3 Nc6 2. c4 e5 3. Bb2 Bc5 4. Nc3 Qg5 5. Nd5 Nf6 6. Nxc7+ Kd8 7. Nxa8 d6 8. Nf3 Qf5 9. d3 h5 10. a3 Be6
11. b4 Bxf2+ 12. Kxf2 Kc8 13. Qd2 Qg4 14. Qg5 Qxg5 15. Nxg5 Bf5 16. Nxf7 Rf8 17. Nxd6+ Kb8 18. Nxf5 Kxa8 19. Ke1 Nd7 20. Ne3 b6
21. Nd5 Rf5 22. e4 Rxf1+ 23. Rxf1 g5 24. Rf7 Ndb8 25. b5 Nd8 26. Rh7 h4 27. Nc7+ Kb7 28. Na6+ Nd7 29. Rxd7+ Kc8 30. Rc7#
1-0

[Event "Large Candidates Tournament"]
[Site "SchemingMind.com"]
[Date "2007.08.23"]
[Round "-"]
[White "theflame"]
[Black "Inkvizitor"]
[Result "1-0"]
[WhiteCountry "EGY"]
[BlackCountry "CRO"]
[WhiteElo "1840"]
[WhiteRD "100"]
[BlackElo "1401"]
[BlackRD "96"]
[GameID "117645"]

1. Nf3 Nf6 2. g3 b6 3. Bg2 Bb7 4. O-O e6 5. c4 c5 6. d3 Be7 7. Nc3 O-O 8. e4 d6 9. h3 Nc6 10. Be3 e5
11. Nd5 Nxd5 12. cxd5 Nd4 13. Bxd4 cxd4 14. Rc1 Rc8 15. Qd2 Rxc1 16. Rxc1 Qd7 17. Ne1 Rc8 18. f4 Rxc1 19. Qxc1 Qc8 20. Qxc8+ Bxc8=
21. f5 g6 22. fxg6 hxg6 23. Kf2 f5 24. Bf1 f4 25. gxf4 Bh4+ 26. Ke2
1-0

[Event "Large Candidates Tournament"]
[Site "SchemingMind.com"]
[Date "2007.08.23"]
[Round "-"]
[White "theflame"]
[Black "Kojot"]
[Result "1-0"]
[WhiteCountry "EGY"]
[BlackCountry "POL"]
[WhiteElo "1851"]
[WhiteRD "105"]
[BlackElo "1075"]
[BlackRD "101"]
[GameID "117646"]

1. e4 b6 2. d4 g6 3. c4 h6 4. Nc3 Bg7 5. Nf3 Bb7 6. Be2 e6 7. Bf4 a6 8. O-O Ne7 9. Qd2 d6 10. Rac1 Nd7
11. Rfd1 g5 12. Bg3 g4 13. Nh4 h5 14. Re1
1-0

[Event "Large Candidates Tournament"]
[Site "SchemingMind.com"]
[Date "2007.08.23"]
[Round "-"]
[White "theflame"]
[Black "kingpatzer"]
[Result "1-0"]
[WhiteCountry "EGY"]
[BlackCountry "ENG"]
[WhiteElo "1851"]
[WhiteRD "105"]
[BlackElo "1308"]
[BlackRD "102"]
[GameID "117647"]

1. e4 c6 2. d4 d5 3. exd5 cxd5 4. c4 Nf6 5. Nc3 Nc6 6. c5 e6 7. Nf3 Be7 8. Bb5 O-O 9. Bxc6 bxc6 10. O-O Ba6
11. Re1 Qc7 12. Ne5 Nd7 13. Bf4 Nxe5 14. Bxe5 Qd7 15. Qa4 Bb7 16. b4
1-0

[Event "Large Candidates Tournament"]
[Site "SchemingMind.com"]
[Date "2007.08.24"]
[Round "-"]
[White "Negrito19"]
[Black "theflame"]
[Result "0-1"]
[WhiteCountry "ARG"]
[BlackCountry "EGY"]
[WhiteElo "1648"]
[WhiteRD "68"]
[BlackElo "1824"]
[BlackRD "121"]
[GameID "117648"]

1. e4 c5 2. Nf3 e6 3. d4 cxd4 4. Nxd4 a6 5. Bf4 d6 6. e5 dxe5 7. Bxe5 Nf6 8. Bd3 Nbd7 9. Nf3 Nxe5 10. Nxe5 Be7
11. Nc3 O-O 12. Qf3 Bb4 13. O-O-O Qa5 14. Bc4 Qxe5 15. Rhe1 Qa5 16. Re3 e5 17. Nd5 Nxd5 18. Rxd5 Qc7 19. Bb3 Be6 20. Rdxe5 Bxb3
21. axb3 Bd6 22. Rh5 Bf4 23. Qe4 Bxe3+ 24. fxe3 g6 25. Rh6 Rac8 26. c4 f5 27. Qd5+ Kg7 28. Rh4 Rfd8 29. Qf3 Qe5 30. e4 Rd4
31. g4 Rcd8 32. exf5 Qe1+ 33. Kc2 Rd2+ 34. Kc3 Rf2#
0-1

[Event "Large Candidates Tournament"]
[Site "SchemingMind.com"]
[Date "2007.08.23"]
[Round "-"]
[White "tacticrules"]
[Black "theflame"]
[Result "1-0"]
[WhiteCountry "GER"]
[BlackCountry "EGY"]
[WhiteElo "1677"]
[WhiteRD "51"]
[BlackElo "1824"]
[BlackRD "121"]
[GameID "117649"]

1. e4 e6 2. d4 d5 3. e5 c5 4. c3 Qb6 5. Nf3 Nc6 6. a3 a5 7. Be2 f6 8. exf6 Nxf6 9. O-O Bd6 10. Re1 O-O
11. Bg5 Ne4 12. Bc1 e5 13. dxe5 Nxe5 14. Nxe5 Nxf2 15. Qxd5+ Kh8 16. Nf7+ Rxf7 17. Qxf7 c4 18. Qe8+
1-0

[Event "Large Candidates Tournament"]
[Site "SchemingMind.com"]
[Date "2007.08.24"]
[Round "-"]
[White "jorge47"]
[Black "theflame"]
[Result "0-1"]
[WhiteCountry "ARG"]
[BlackCountry "EGY"]
[WhiteElo "1552"]
[WhiteRD "83"]
[BlackElo "1824"]
[BlackRD "121"]
[GameID "117650"]

1. e4 e6 2. Nf3 c5 3. d4 cxd4 4. Nxd4 a6 5. Bc4 Qc7 6. b3 b5 7. Bd3 Bb7 8. O-O Nf6 9. h3 Nxe4 10. Bb2 Nc5
11. c4 bxc4 12. Bxc4 Qf4 13. Ne2 Qg5 14. Ng3 h5 15. Nd2 h4 16. Nf3 Qg6 17. Ne5 Qf6 18. Nd3 Qg5 19. Nxc5 Bxc5 20. Nh5 Qxg2#
0-1

[Event "Large Candidates Tournament"]
[Site "SchemingMind.com"]
[Date "2007.08.24"]
[Round "-"]
[White "Dannibal"]
[Black "theflame"]
[Result "0-1"]
[WhiteCountry "BEL"]
[BlackCountry "EGY"]
[WhiteElo "781"]
[WhiteRD "104"]
[BlackElo "1824"]
[BlackRD "121"]
[GameID "117651"]

1. Nc3 d5 2. e4 d4 3. Nd5 c6 4. Nb4 e5 5. Qf3 Bxb4 6. Qf5 Bxf5 7. exf5 Nf6 8. Bc4 Nd5 9. c3 dxc3 10. bxc3 Nxc3
11. dxc3 Bxc3+ 12. Ke2 Bxa1 13. Be3 Qh4 14. Bb3 O-O 15. g3 Qe4 16. Nh3 Qxh1 17. Ng5 h6 18. Ne4 Qxe4 19. f3 Qxf5 20. g4 Qb1
21. Bc4 Rd8 22. Bd3 Qxd3+ 23. Kf2 Bd4 24. Bxd4 Rxd4 25. h3 Rf4 26. Kg3 Rxf3+ 27. Kh4 Rxh3#
0-1

[Event "Large Candidates Tournament"]
[Site "SchemingMind.com"]
[Date "2007.08.24"]
[Round "-"]
[White "Inkvizitor"]
[Black "theflame"]
[Result "1-0"]
[WhiteCountry "CRO"]
[BlackCountry "EGY"]
[WhiteElo "1591"]
[WhiteRD "125"]
[BlackElo "1851"]
[BlackRD "105"]
[GameID "117652"]

1. d4 Nf6 2. c4 e6 3. Nc3 Bb4 4. Qc2 O-O 5. e4 d5 6. e5 Ne4 7. a3 Bxc3+ 8. bxc3 c5 9. Bd3 f5 10. Ne2 b6
11. O-O Bb7 12. cxd5 Bxd5 13. Nf4 g5 14. Nxd5 Qxd5 15. f3 Nxc3 16. Qxc3 cxd4 17. Qc4 Qxe5 18. Bxg5 Re8 19. Rfe1 Qd6 20. Bxf5 Nc6
21. Rxe6 Rxe6 22. Qxe6+ Qxe6 23. Bxe6+ Kg7 24. Bd5
1-0

[Event "Large Candidates Tournament"]
[Site "SchemingMind.com"]
[Date "2007.08.24"]
[Round "-"]
[White "Kojot"]
[Black "theflame"]
[Result "0-1"]
[WhiteCountry "POL"]
[BlackCountry "EGY"]
[WhiteElo "1075"]
[WhiteRD "101"]
[BlackElo "1851"]
[BlackRD "105"]
[GameID "117653"]

1. e4 c5 2. Bc4 e6 3. Nf3 a6 4. a3 b5 5. Ba2 Bb7 6. d3 Qc7 7. Be3 Nf6 8. h3 Be7 9. Bg5 d6 10. Qe2 Nbd7
11. Nbd2 h6 12. Bh4 O-O 13. Bg3 Rac8
0-1

[Event "Large Candidates Tournament"]
[Site "SchemingMind.com"]
[Date "2007.08.24"]
[Round "-"]
[White "kingpatzer"]
[Black "theflame"]
[Result "0-1"]
[WhiteCountry "ENG"]
[BlackCountry "EGY"]
[WhiteElo "1308"]
[WhiteRD "102"]
[BlackElo "1851"]
[BlackRD "105"]
[GameID "117654"]

1. e4 c5 2. Nf3 d6 3. Bb5+ Bd7 4. Bxd7+ Qxd7 5. c4 Nc6 6. O-O Nf6 7. Nc3 g6 8. d4 cxd4 9. Nxd4 Bg7 10. Be3 O-O
11. f3 a6 12. a4 Rac8 13. Qd2 Rfd8 14. Bh6 Bh8 15. g4 Nxd4 16. Qxd4 Nxg4 17. Qf2 Nxf2 18. Rxf2 Bd4
0-1

[Event "Large Candidates Tournament"]
[Site "SchemingMind.com"]
[Date "2007.08.23"]
[Round "-"]
[White "cnbcad"]
[Black "Negrito19"]
[Result "0-1"]
[WhiteCountry "USA"]
[BlackCountry "ARG"]
[WhiteElo "1541"]
[WhiteRD "52"]
[BlackElo "1655"]
[BlackRD "64"]
[GameID "117655"]

1. e4 e5 2. Nf3 d6 3. Bc4 h6 4. d4 Bg4 5. h3 Bxf3 6. Qxf3 Qf6 7. Qxf6 Nxf6 8. dxe5 dxe5 9. Bd5 c6 10. Bc4 Nxe4
11. Nd2 Nd6 12. O-O b5 13. Bd3 Na6 14. a4 Nb4 15. axb5 Nxd3 16. cxd3 Nxb5 17. Re1 f6 18. Ra6 Nd4 19. Nc4 Nc2 20. Re2 Nb4
21. Ra4 Nxd3 22. Be3 Bc5 23. Ra6 Bxe3 24. fxe3 Nb4 25. Ra4 Nd5 26. Nd6+ Kd7 27. Nf5 g6 28. Ng3 f5 29. Rd2 Ke6 30. Ra6 Rhc8
31. e4 Nb4 32. Ra4 a5 33. exf5+ gxf5 34. Nh5 Rg8 35. Ra1 f4 36. Re1 Nd5 37. Rde2 Rg5 38. Ng7+ Rxg7 39. Rxe5+ Kd7 40. Rd1 Rag8
41. Rd2 f3 42. g4 Kd6 43. Rf5 h5 44. Rxh5 Rf7 45. g5 Kc7 46. Rd4 f2+ 47. Kf1 Ne3+
0-1

[Event "Large Candidates Tournament"]
[Site "SchemingMind.com"]
[Date "2007.08.23"]
[Round "-"]
[White "cnbcad"]
[Black "tacticrules"]
[Result "1-0"]
[WhiteCountry "USA"]
[BlackCountry "GER"]
[WhiteElo "1541"]
[WhiteRD "52"]
[BlackElo "1454"]
[BlackRD "49"]
[GameID "117656"]

1. e4 e6 2. d4 d5 3. e5 c5 4. Bb5+ Bd7 5. Bxd7+ Qxd7 6. c3 Nc6 7. Nf3 Rc8 8. O-O cxd4 9. cxd4 Nge7 10. Nc3 Nf5
11. b3 Bb4 12. Bb2 O-O 13. a3 Bxc3 14. Bxc3 Nce7 15. Bb4 Rfe8 16. Ng5 h6 17. Nh3 Ng6 18. a4 b6 19. f4 a5 20. Ba3
1-0

[Event "Large Candidates Tournament"]
[Site "SchemingMind.com"]
[Date "2007.08.23"]
[Round "-"]
[White "cnbcad"]
[Black "jorge47"]
[Result "0-1"]
[WhiteCountry "USA"]
[BlackCountry "ARG"]
[WhiteElo "1541"]
[WhiteRD "52"]
[BlackElo "1578"]
[BlackRD "72"]
[GameID "117657"]

1. e4 c5 2. Bc4 d6 3. Qf3 Nf6 4. Nc3 Nc6 5. Nge2 Ne5 6. Qg3 Nxc4 7. d3 Ne5 8. f4 Nc6 9. Bd2 Bg4 10. h3 Bxe2
11. Nxe2 Nb4 12. Bxb4 cxb4 13. O-O-O Qd7 14. d4 Nxe4 15. Qf3 f5 16. Ng3 d5 17. Nxe4 fxe4 18. Qh5+ g6 19. Qe2 e6 20. b3 a5
21. g3 Bg7 22. h4 h5 23. Rhe1 a4 24. Qd2 axb3 25. cxb3 Qc6+ 26. Kb1 Kf7 27. Qxb4 Qa6 28. Rd2 Rhc8 29. Rb2 Qd3+ 30. Ka1 Bxd4
31. Qd2 Qxd2
0-1

[Event "Large Candidates Tournament"]
[Site "SchemingMind.com"]
[Date "2007.08.23"]
[Round "-"]
[White "cnbcad"]
[Black "Dannibal"]
[Result "0-1"]
[WhiteCountry "USA"]
[BlackCountry "BEL"]
[WhiteElo "1541"]
[WhiteRD "52"]
[BlackElo "873"]
[BlackRD "109"]
[GameID "117658"]

1. e4 Nc6 2. d4 e6 3. Bb5 Bb4+ 4. c3 Bd6 5. e5 Na5 6. exd6 cxd6 7. Nf3 d5 8. b4 a6 9. Ba4 Nc4 10. O-O Nf6
11. Bg5 Nb2 12. Bxd7+ Bxd7 13. Qc2 Nc4 14. Nbd2 Na3 15. Qc1 h6 16. Bxf6 Qb6 17. Qxa3 gxf6 18. Rfe1 e5 19. Nb3 Bg4 20. b5 h5
21. Nc5 Qxb5 22. Rab1 b6 23. Rxb5 bxc5 24. Rxc5 Rd8 25. Qxa6 Rg8 26. Qxf6 Rg6 27. Nxe5 Rxf6 28. Nxg4+ Re6 29. Rxe6+ fxe6 30. Nf6+ Ke7
31. Nxh5 Ra8 32. Nf4 Rxa2 33. g3 Ra1+ 34. Kg2 Rd1
0-1

[Event "Large Candidates Tournament"]
[Site "SchemingMind.com"]
[Date "2007.08.23"]
[Round "-"]
[White "cnbcad"]
[Black "theflame"]
[Result "1-0"]
[WhiteCountry "USA"]
[BlackCountry "EGY"]
[WhiteElo "1541"]
[WhiteRD "52"]
[BlackElo "1840"]
[BlackRD "100"]
[GameID "117659"]

1. e4 c5 2. c4 Nc6 3. Nf3 g6 4. d3 Bg7 5. Nc3 d6 6. Bd2 Nf6 7. Be2 O-O 8. Qc1 Re8 9. Bh6 Bh8 10. h4 Nd4
11. h5 Nxh5 12. Nxd4 cxd4 13. Nd5 Be6 14. Bxh5 Bxd5 15. Bxg6 fxg6 16. cxd5 Rc8 17. Qd2 Qd7 18. Qg5 e6 19. dxe6 Qxe6 20. Qh4 d5
21. Bg5 h5 22. O-O dxe4 23. Rae1 Qxa2 24. Rxe4 Qxb2 25. Rfe1 Rxe4 26. Rxe4 Qb1+ 27. Kh2 Qxd3 28. f3 b5 29. Bf6 b4 30. Bxh8 Kxh8
31. Qf6+ Kg8 32. Re7
1-0

[Event "Large Candidates Tournament"]
[Site "SchemingMind.com"]
[Date "2007.08.23"]
[Round "-"]
[White "cnbcad"]
[Black "Inkvizitor"]
[Result "1-0"]
[WhiteCountry "USA"]
[BlackCountry "CRO"]
[WhiteElo "1541"]
[WhiteRD "52"]
[BlackElo "1401"]
[BlackRD "96"]
[GameID "117660"]

1. e4 e5 2. Nf3 Nc6 3. Bc4 Bc5 4. O-O Nf6 5. d4 Bxd4 6. c3 Bc5 7. b4 Be7 8. Ba3 d6 9. Ng5 O-O 10. Nf3 Nxe4
11. Bd3 Nf6 12. Qc2 d5 13. Ng5 e4 14. Be2 h6 15. Nxe4 Nxe4 16. Rd1 Nf6 17. b5
1-0

[Event "Large Candidates Tournament"]
[Site "SchemingMind.com"]
[Date "2007.08.23"]
[Round "-"]
[White "cnbcad"]
[Black "Kojot"]
[Result "1-0"]
[WhiteCountry "USA"]
[BlackCountry "POL"]
[WhiteElo "1558"]
[WhiteRD "56"]
[BlackElo "1075"]
[BlackRD "101"]
[GameID "117661"]

1. e4 b6 2. d4 h6 3. Nf3 g6 4. Bc4 e6 5. Ne5 Bg7 6. Qf3 Qf6 7. Qg3 d6 8. Ng4 Qxd4 9. Bb5+ Bd7 10. Nc3 Bxb5
11. Nxb5 Qxe4+ 12. Ne3
1-0

[Event "Large Candidates Tournament"]
[Site "SchemingMind.com"]
[Date "2007.08.23"]
[Round "-"]
[White "cnbcad"]
[Black "kingpatzer"]
[Result "1-0"]
[WhiteCountry "USA"]
[BlackCountry "ENG"]
[WhiteElo "1558"]
[WhiteRD "56"]
[BlackElo "1308"]
[BlackRD "102"]
[GameID "117662"]

1. e4 c6 2. c4 d5 3. d4 dxe4 4. Nc3 Nf6 5. Bg5 Nbd7 6. c5 b6 7. cxb6 Qxb6 8. Rb1 e6 9. a3 Be7 10. Bxf6 Nxf6
11. b4 O-O 12. Nge2 Ba6 13. g3
1-0

[Event "Large Candidates Tournament"]
[Site "SchemingMind.com"]
[Date "2007.08.23"]
[Round "-"]
[White "Negrito19"]
[Black "cnbcad"]
[Result "1-0"]
[WhiteCountry "ARG"]
[BlackCountry "USA"]
[WhiteElo "1655"]
[WhiteRD "64"]
[BlackElo "1541"]
[BlackRD "52"]
[GameID "117663"]

1. e4 e5 2. Nf3 Nc6 3. Bb5 d6 4. d4 a6 5. Bxc6+ bxc6 6. dxe5 Bg4 7. exd6 cxd6 8. h3 Bh5 9. g4 Bg6 10. Nc3 Nf6
11. Bf4 Bxe4 12. Nxe4 Nxe4 13. Qe2 d5 14. O-O-O Be7 15. Ne5 O-O 16. Nxc6 Qd7 17. Qxe4 Qxc6 18. Qxe7 Qc4 19. Qe5 Rfc8 20. Rd2 d4
21. Qxd4 Qb5 22. Rhd1 h6 23. Be5 f6 24. Bd6 Qa5 25. Qd5+ Qxd5 26. Rxd5 a5 27. a4 Rc4 28. R1d4 Rc6 29. b4 axb4 30. Rxb4 Rd8
31. Rb8 Rxd6 32. Rxd8+
1-0

[Event "Large Candidates Tournament"]
[Site "SchemingMind.com"]
[Date "2007.08.23"]
[Round "-"]
[White "tacticrules"]
[Black "cnbcad"]
[Result "0-1"]
[WhiteCountry "GER"]
[BlackCountry "USA"]
[WhiteElo "1454"]
[WhiteRD "49"]
[BlackElo "1541"]
[BlackRD "52"]
[GameID "117664"]

1. e4 e5 2. Nf3 Nc6 3. Bb5 a6 4. Ba4 b5 5. Bb3 h6 6. d4 d6 7. dxe5 Bg4 8. exd6 Bxd6 9. h3 Bxf3 10. Qxf3 Nf6
11. O-O Nd4 12. Qd3 c5 13. Re1 c4 14. Bxc4 bxc4 15. Qxc4 Rc8 16. Qa4+ Kf8 17. c3 Ne6 18. Rd1 Bh2+ 19. Kxh2 Qc7+ 20. g3 Nxe4
21. Qxe4 Kg8
0-1

[Event "Large Candidates Tournament"]
[Site "SchemingMind.com"]
[Date "2007.08.23"]
[Round "-"]
[White "jorge47"]
[Black "cnbcad"]
[Result "1-0"]
[WhiteCountry "ARG"]
[BlackCountry "USA"]
[WhiteElo "1552"]
[WhiteRD "83"]
[BlackElo "1527"]
[BlackRD "55"]
[GameID "117665"]

1. e4 e5 2. Nf3 Nc6 3. Bb5 a6 4. Ba4 b5 5. Bb3 h6 6. O-O Be7 7. c3 Nf6 8. Re1 O-O 9. d4 d5 10. exd5 Nxd5
11. Nxe5 Nxe5 12. Rxe5 c6 13. Bxd5 cxd5 14. Qf3 Re8 15. Qg3 f6 16. Bxh6 g5 17. Re3 Bd6 18. Qf3 Rxe3 19. fxe3 Kh7 20. Qh5 Kg8
21. Qg6+
1-0

[Event "Large Candidates Tournament"]
[Site "SchemingMind.com"]
[Date "2007.08.23"]
[Round "-"]
[White "Dannibal"]
[Black "cnbcad"]
[Result "0-1"]
[WhiteCountry "BEL"]
[BlackCountry "USA"]
[WhiteElo "781"]
[WhiteRD "104"]
[BlackElo "1527"]
[BlackRD "55"]
[GameID "117666"]

1. d4 c5 2. dxc5 e5 3. e4 Bxc5 4. Qd5 Qa5+ 5. Bd2 Qb6 6. Qxe5+ Ne7 7. Bg5 Nc6 8. Qxg7 Bd4 9. Bxe7 Bxg7 10. Bh4 Bxb2
11. Nd2 Bxa1 12. Bc4 Bc3 13. Nf3 Qb1+ 14. Ke2 Qxh1 15. Bf6 Bxf6 16. Nb3 Qb1 17. Nc5 Qxc2+ 18. Nd2 Nd4+ 19. Ke3 Qc3+ 20. Nd3 Bg5+
21. f4 Nc2+ 22. Ke2 d5 23. Bxd5 Bg4+ 24. Nf3 Bxf3+ 25. gxf3 Bh4 26. Bxb7 Rd8 27. e5 Qxd3#
0-1

[Event "Large Candidates Tournament"]
[Site "SchemingMind.com"]
[Date "2007.08.23"]
[Round "-"]
[White "theflame"]
[Black "cnbcad"]
[Result "1-0"]
[WhiteCountry "EGY"]
[BlackCountry "USA"]
[WhiteElo "1851"]
[WhiteRD "105"]
[BlackElo "1558"]
[BlackRD "56"]
[GameID "117667"]

1. d4 d5 2. c4 dxc4 3. Nf3 Nc6 4. e4 b5 5. d5 Nb4 6. a4 Bg4 7. axb5 Bxf3 8. gxf3 e6 9. dxe6 Qxd1+ 10. Kxd1 Rd8+
11. Bd2 g6 12. exf7+ Kxf7 13. Bxc4+ Ke7 14. Ke2 Nc2 15. Rxa7 Nd4+ 16. Kf1 Nxf3 17. Rxc7+ Kf6 18. Bc3+ Kg5 19. Bxh8 Rd1+ 20. Ke2 Rxh1
21. Kxf3 Rxb1 22. Bxg8 Rd1 23. Rxh7 Rd3+ 24. Ke2 Rd8 25. Be5 Bb4 26. Be6 Re8 27. h4#
1-0

[Event "Large Candidates Tournament"]
[Site "SchemingMind.com"]
[Date "2007.08.23"]
[Round "-"]
[White "Inkvizitor"]
[Black "cnbcad"]
[Result "0-1"]
[WhiteCountry "CRO"]
[BlackCountry "USA"]
[WhiteElo "1401"]
[WhiteRD "96"]
[BlackElo "1541"]
[BlackRD "52"]
[GameID "117668"]

1. c4 d5 2. d4 dxc4 3. Nf3 c5 4. d5 Nf6 5. Nc3 e6 6. e4 exd5 7. e5 Nfd7 8. Bg5 f6 9. exf6 Nxf6 10. Bxf6 Qxf6
11. Qxd5 Nc6 12. Bxc4 Nb4 13. Qe4+ Be7 14. O-O-O b5 15. Bxb5+ Kf7 16. Qxa8 Rf8 17. a3 Be6
0-1